Pays ayant dépassé la France en population - Statistiques

Statistiques générales
  • Ce quiz a été pris 809 fois
  • Le résultat moyen est 7 sur 13
Statistiques - réponses
Année de dépassement Population à cette époque Pays % Correct
1992 59,3 millions Egypte
73%
1965 49,4 millions Nigeria
63%
2019 67,1 millions Royaume-Uni
63%
1972 52,7 millions Mexique
59%
2010 65,3 millions R.D. Congo
57%
1996 59,8 millions Turquie
52%
1962 47,6 millions Pakistan
51%
1992 58,8 millions Iran
48%
1997 60,3 millions Ethiopie
46%
1956 44,8 millions Bangladesh
45%
1996 59,8 millions Thaïlande
45%
1983 56,3 millions Viêt Nam
45%
1988 58,1 millions Philippines
35%
Aucun quiz correspondant
Distribution des résultats
% des personnes avec chaque résultat
Percentile par nombre de réponses
Votre historique - résultats
Vous n’avez pas pris ce quiz